| 000 | 00461nam a22001577a 4500 | ||
|---|---|---|---|
| 020 | _a0-89141-067-8 | ||
| 082 |
_a355.50973 _bCOL _cL-30-II, P-187 |
||
| 100 |
_aCollins, Arthir S. _948840 |
||
| 245 | _aCommon sense training. | ||
| 260 |
_aRawalpindi _bArmy Education Press _c1990 |
||
| 300 |
_axv, 212 p. : _bill. : _c8 Cm |
||
| 526 |
_a0 _b0 _c0 _d355_509730000000000_COL |
||
| 526 |
_a0 _b0 _c0 _d355_509730000000000_COL |
||
| 650 |
_aMCE _9379 |
||
| 942 |
_2ddc _cBK |
||
| 999 |
_c551710 _d551710 |
||